Farmers' attitude towards commercial flower production (Record no. 13516)
[ view plain ]
| 000 -LEADER | |
|---|---|
| fixed length control field | 01030nam a22002537a 4500 |
| 003 - CONTROL NUMBER IDENTIFIER | |
| control field | BD-DhSAU |
| 005 - DATE AND TIME OF LATEST TRANSACTION | |
| control field | 20161024113057.0 |
| 008 - FIXED-LENGTH DATA ELEMENTS--GENERAL INFORMATION | |
| fixed length control field | 160824b xxu||||| |||| 00| 0 eng d |
| 040 ## - CATALOGING SOURCE | |
| Original cataloging agency | BD-DhSAU |
| 082 ## - DEWEY DECIMAL CLASSIFICATION NUMBER | |
| Edition number | 22 |
| Classification number | 630.715 |
| Item number | Ab94 |
| 100 ## - MAIN ENTRY--PERSONAL NAME | |
| Personal name | Abul Aus,Hussain Md |
| Relator term | Registration No.08-02817 |
| 245 ## - TITLE STATEMENT | |
| Title | Farmers' attitude towards commercial flower production |
| Remainder of title | MS Thesis |
| 260 ## - PUBLICATION, DISTRIBUTION, ETC. (IMPRINT) | |
| Place of publication, distribution, etc. | Sher-e- Bangla Agricultural University : |
| Name of publisher, distributor, etc. | Department of Agricultural Extension and Information System, |
| Date of publication, distribution, etc. | 2014 |
| 300 ## - PHYSICAL DESCRIPTION | |
| Extent | vi, 72 p. : |
| Other physical details | ill. , |
| Dimensions | 30 cm. |
| 500 ## - GENERAL NOTE | |
| General note | MS thesis of Department of Agricultural Extension and Information System, Faculty of Agriculture, Sher-e-Bangla Agricultural University, Dhaka, Bangladesh <br/> |
| 590 ## - Name of Cataloguer | |
| Name of Cataloger | Shofiullah |
| 650 ## - SUBJECT ADDED ENTRY--TOPICAL TERM | |
| Topical term or geographic name as entry element | Flower |
| 650 ## - SUBJECT ADDED ENTRY--TOPICAL TERM | |
| Topical term or geographic name as entry element | Production |
| 650 ## - SUBJECT ADDED ENTRY--TOPICAL TERM | |
| Topical term or geographic name as entry element | Commercial Flower |
| 700 ## - ADDED ENTRY--PERSONAL NAME | |
| Personal name | Ali, Md Sekender |
| Relator term | Supervisor |
| 700 ## - ADDED ENTRY--PERSONAL NAME | |
| Personal name | Hossain, Kh.Zulfikar |
| Relator term | Co-Supervisor |
| 856 ## - ELECTRONIC LOCATION AND ACCESS | |
| Uniform Resource Identifier | <a href="http://archive.saulibrary.edu.bd:8080/handle/123456789/854">http://archive.saulibrary.edu.bd:8080/handle/123456789/854</a> |
| 942 ## - ADDED ENTRY ELEMENTS (KOHA) | |
| Source of classification or shelving scheme | Dewey Decimal Classification |
| Koha item type | MS Level Thesis |
| Withdrawn status | Lost status | Source of classification or shelving scheme | Damaged status | Not for loan | Collection code | Home library | Branch Name | Shelving location | Date acquired | Total Checkouts | Full call number | Barcode | Date last seen | Price effective from | Koha item type |
|---|---|---|---|---|---|---|---|---|---|---|---|---|---|---|---|
| Dewey Decimal Classification | Not For Loan | Reference | SAU Library | SAU Library | Reference | 24/08/2016 | 630.715 Ab94 | 39684 | 24/08/2016 | 24/08/2016 | MS Level Thesis |
